01080pam a2200265 a 45000010005000000030008000050050017000130080039000300200028000690350018000970400032001150410008001470820029001552450086001842600035002703000033003055040051003386500088003897000031004777400037005088560089005459420012006349990015006469520153006615210BD-RjUL20211208234029.0131224s1995 nyua bf 001 0 eng a0824792319 (alk. paper) a(BD-RjUL)5246 aDLCcDLCdDLCdBD-RjULbeng aeng00a350.100973220bHAN 199500aHandbook of public personnel administration /cedited by Jack Rabin ... [et al.]. aNew York :bM. Dekker,cc1995. axv, 720 p. :bill. ;c25 cm. aIncludes bibliographical references and index. 0aCivil servicezUnited StatesxPersonnel managementxHandbooks, manuals, etc.9163941 aRabin, Jack,d1945-9163950 aPublic personnel administration.423Publisher descriptionuhttp://www.loc.gov/catdir/enhancements/fy0647/94022534-d.html 2ddccBK c5210d5210 00102ddc40718NFICaRUCLbRUCLcreadingd1999-03-08eDhaka, Karim int.g7800.00l0o350.100973 HAN 1995r2013-12-24 00:00:00tC-1w2013-12-24yBK